Ne- zamestnanosť - vážny ekonomický a sociálny problém.

Pokles produkcie v primárnom a sekundárnom sektore a obmedzené možnosti nárastu zamestnanosti v terciárnom sektore ako príčiny vlny nezamestnanosti v SR. Obmedzené možnosti ovplyvniť ponuku pracovných síl. Možnosti riešenia nezamestnanosti z dlhodobejšieho hľadiska.

Enregistré dans:
Détails bibliographiques
Auteur principal: Vladárová, Marta
Format: Chapitre de livre
Langue:slovaque
Sujets:
Tags: Ajouter un tag
Pas de tags, Soyez le premier à ajouter un tag!

MARC

LEADER 00000naa a2200000 4500
001 r004429
005 20221125081019.6
041 0 |a slo 
044 |a [CS] 
245 1 0 |a Ne- zamestnanosť - vážny ekonomický a sociálny problém.  |c Marta Vladárová 
520 |a Pokles produkcie v primárnom a sekundárnom sektore a obmedzené možnosti nárastu zamestnanosti v terciárnom sektore ako príčiny vlny nezamestnanosti v SR. Obmedzené možnosti ovplyvniť ponuku pracovných síl. Možnosti riešenia nezamestnanosti z dlhodobejšieho hľadiska. 
610 2 0 |a zamestnanosť 
610 2 0 |a trh práce 
610 2 0 |a sféra primárna 
610 2 0 |a sféra sekundárna 
610 2 0 |a sféra terciárna 
610 2 0 |a ČSFR 
610 2 0 |a nezamestnanosť 
610 2 0 |a Slovensko 
100 1 |a Vladárová, Marta